00919cam a22002411 4500001001300000003000400013005001700017008004100034010001700075035001900092040004200111042001200153050002300165100004500188245006500233260003100298300003800329490009800367650004400465810007400509810007700583999001700660gs 34000154 DLC20260227111338.0780901s1931 wiuab s000 0 eng c ags 34000154  a(OCoLC)4187539 aU. S. Geol. Survey. LibrarycAzUdDLC apremarc00aQE179b.A2 no. 60b1 aWhitson, A. R.q(Andrew R.),d1870-1945.10aSoil survey of Monroe County,cby A. R. Whitson [and others. aMadison]bThe State,c1931 a93 p.billus., fold. map.c23 cm.0 aWisconsin. Geological and Natural History Survey. Bulletin,vno. 60-B. Soil series, no. 35 0aSoil surveyszWisconsinzMonroe County.2 aWisconsin Geological and Natural History Survey.tBulletin.vno. 60B.2 aWisconsin Geological and Natural History Survey.tSoil series ;vno. 35. c27108d27108